000 00516nam a2200193Ia 4500
003 OSt
005 20250415161333.0
008 210210b1995 xxu||||| |||| 00| 0 eng d
040 _cAL
041 _aKannada
082 _aK894.108 NALV
100 _a-
_9208412
245 _aNalvatta muru kavanagalu.
_b ನಲ್ವತ್ತಮೂರು ಕವನಗಳು
260 _aDharavada
_bManohara Grantha Prakashana
_c1995
300 _a116
690 _aKannada Poetry
_9208413
906 _a049312
942 _2ddc
_cBK
999 _c98306
_d98306